00630cam a2200205 a 45000010005000000030009000050050017000140080041000310200016000720200018000880400038001060820020001442450050001642500012002142600057002263000028002835040051003116500031003626500031003936212BD-DhUAP20200315121400.0200315s20061992bg abf b f000 0 eng  a0335156754  a9780335156757 aBD-DhUAPcBD-DhUAPdBD-DhUAPbEng a808.042 PLA223 aPlain English /cDiané Collinson...[et al]. a2nd ed. aLondon :bBuckingham Open University Press, cc1997. avi, 121 pages ;c22 cm. aIncludes bibliographical references and index. aEnglish languagevRhetoric aEnglish languagevGrammar.